Представление документа в формате RUSMARC

ПолеНазваниеЗначение
  Тип записи a
  Библиографический уровень m
001 Контрольный номер 9fa6dbabaee644539222418e62943192
005 Дата корректировки 20150804094835.6
010 Индекс ISBN __
a ISBN 978-5-394-01545-8
101 Язык документа 0_
a Язык текста rus
102 Страна публикации __
a Страна публикации RU
200 Заглавие и сведения об ответственности 1_
a Заглавие PR - коммуникации
b Общее обозначение материала Текст
e Сведения, относящиеся к заглавию практ. пособие
f Первые сведения об ответственности И. П. Бердников, Ф. Ф. Стрижова
205 Сведения об издании __
a Основные сведения об издании 2-е изд.
210 Выходные данные 1_
a Место издания Москва
c Издательство Дашков и К
d Дата издания 2015
215 Физическое описание __
a Объем 208 с.
610 Ключевые слова 0_
a Ключевые слова паблик рилейшнз
a Ключевые слова практическое пособие
a Ключевые слова корпоративное позиционирование
a Ключевые слова PR - компания
686 Индексы других классификаций __
a Классификационный индекс 65.050.2
700 Автор _1
a Фамилия Бердников И. П.
701 Альтернативная интеллектуальная ответственность _1
a Фамилия Стрижова А. Ф.
801 Источник записи _0
a Страна RU
b Организация РУК
g Правила каталогизации PSBO
801 Источник записи _1
a Страна RU
b Организация РУК
c Дата составления 20150804
g Правила каталогизации PSBO
852 Данные о местонахождении __
i Авторский знак Б 48
j Шифр хранения ББК 65.050
901 Тип документа __
t Тип документа m
937 Технологическая информация __
a Создатель записи (имя) Майорова
938 Служебная информация __
a Название организации Головной вуз
952 Тип литературы __
c Вид литературы практ. пособие